| 000 | 00000nam 2200000zi 4500 |
| 001 | 9.931307 |
| 003 | CaOODSP |
| 005 | 20240131132810 |
| 006 | m o d f |
| 007 | cr mn||||||||| |
| 008 | 231211t20242024quca ob f000 0 fre d |
| 020 | |a9780660692623 |
| 040 | |aCaOODSP|bfre|erda|cCaOODSP |
| 043 | |an-cn-ns |
| 086 | 1 |aTU3-12/21-0041F-PDF |
| 110 | 2 |aBureau de la sécurité des transports du Canada.|eauteur, |eorganisme de publication. |
| 245 | 10|aDéfaillance catastrophique du moteur, incendie subséquent et naufrage, navire de pêche Atlantic Destiny, 120 milles marins au sud de Yarmouth (Nouvelle-Écosse), 2 mars 2021. |
| 264 | 1|aGatineau QC : |bBureau de la sécurité des transports du Canada = Transportation Safety Board of Canada, |c2024. |
| 264 | 4|c©2024 |
| 300 | |a1 ressource en ligne (61 pages) : |billustrations |
| 336 | |atexte|btxt|2rdacontent/fre |
| 337 | |ainformatique|bc|2rdamedia/fre |
| 338 | |aressource en ligne|bcr|2rdacarrier/fre |
| 490 | 1 |aRapport d'enquête sur la sécurité du transport maritime ; |vM21A0041 |
| 500 | |aPublié aussi en anglais sous le titre : Catastrophic failure of machinery, subsequent fire, and sinking, fishing vessel Atlantic Destiny, 120 nautical miles south of Yarmouth, Nova Scotia, 02 March 2021. |
| 500 | |a« Publié le 24 janvier 2024. » |
| 504 | |aComprend des références bibliographiques. |
| 650 | 6|aNavigation|xAccidents|xEnquêtes|zNouvelle-Écosse. |
| 775 | 08|tCatastrophic failure of machinery, subsequent fire, and sinking, fishing vessel Atlantic Destiny, 120 nautical miles south of Yarmouth, Nova Scotia, 02 March 2021.|w(CaOODSP)9.931304 |
| 830 | #0|aRapport d'enquête sur la sécurité du transport maritime ;|vM21A0041.|w(CaOODSP)9.856046 |
| 856 | 40|qPDF|s2.02 Mo|uhttps://publications.gc.ca/collections/collection_2024/bst-tsb/TU3-12-21-0041-fra.pdf |
| 856 | 4 |qHTML|sS.O.|uhttps://www.tsb.gc.ca/fra/rapports-reports/marine/2021/m21a0041/m21a0041.html |